Návrh nového layoutu a zefektívnenia procesov výrobnej bunky v spoločnosti GPV Slovakia (Nova) s. r. o.

Salvato in:
Dettagli Bibliografici
Autore principale: Hasidlo, Michal (Autore)
Altri autori: Jurík, Lukáš (Relatore della tesi)
Natura: Manoscritto Libro
Lingua:slovacco
Pubblicazione: 2023
Soggetti:
Accesso online:http://is.stuba.sk/zp/portal_zp.pl?podrobnosti=170983
Tags: Aggiungi Tag
Nessun Tag, puoi essere il primo ad aggiungerne!!

MARC

LEADER 00000ntm a22000003a 4500
001 stuzp93220
003 SK-STU
005 20230909214343.6
007 ta
008 150427s2015----xo-----f-mn---000-0-slo-d
040 |a STU  |b slo 
041 0 |a slo 
100 1 |a Hasidlo, Michal  |u 064000  |4 aut  |U MTF Materiálovotechnologická fakulta  |T MTF Ústav priemyselného inžinierstva a manažmentu  |X 99565  |U M4000  |Y 84  |7 99565 
242 0 1 |a Proposal of a new layout and process improve of the production cell in GPV Slovakia (Nova) s. r. o.  |y eng 
245 1 0 |a Návrh nového layoutu a zefektívnenia procesov výrobnej bunky v spoločnosti GPV Slovakia (Nova) s. r. o. 
260 |c 2023 
650 4 |a Štíhla výroba  |2 slo 
650 4 |a Layout  |2 slo 
650 4 |a Plytvanie  |2 slo 
650 4 |a Lean production  |2 eng 
650 4 |a Layout  |2 eng 
650 4 |a Waste  |2 eng 
700 1 |a Jurík, Lukáš  |u 064000  |k Z1  |4 ths  |U MTF Materiálovotechnologická fakulta  |T MTF Ústav priemyselného inžinierstva a manažmentu  |X 57263  |U M4000  |Y 84  |7 A000057263 
856 4 |u http://is.stuba.sk/zp/portal_zp.pl?podrobnosti=170983 
996 |c M* DP-15122  |l MMSKP  |s P  |a 0  |w stuzp93220_0001